000 01093cam a2200253 i 4500
003 SA-RiAUC
005 20240922135149.0
008 240919s1977 iq g 00000cara c
040 _aSA-RiAUC
_bara
_cSA-RiAUC
_erda
082 0 4 _a953
090 _a953
_bذ هـ ب
100 1 _aالذهبي، محمد بن أحمد بن عثمان،
_d673-748 هجري
_eمؤلف.
245 1 0 _aتاريخ الإسلام ووفيات المشاهير والأعلام :
_bالقسم الأول : وفيات 601-610 هـ. /
_cلشمس الدين الذهبي ؛ حققه وعلق عليه بشار عواد معروف.
250 _aالطبعة الثانية.
264 1 _aبغداد :
_bجامعة بغداد،
_c1977
300 _aمجلدات ؛
_c24 سم
336 _aنص
_btxt
_2rdacontent
_3كتاب
337 _aبدون وسيط
_bn
_2rdamedia
338 _aمجلد
_bnc
_2rdacarrier
650 7 _aالإسلام
_xتاريخ
_yعصر صدر الإسلام
_2aucsh
700 1 _aمعروف، بشار عواد
_eمحقق.
942 _2ddc
_cBOOK
_n0
949 _aSA-JeALM
_d240919
_umohamedma123
_n1
999 _c470
_d470